Loads for structural design.

Bibliographic Details
Corporate Author: Tanzania. Idara ya Utafiti wa Nyumba
Format: Book
Language:English
Published: Dar es Salaam : Building Research Unit, Ministry of Lands, Housing and Urban Development, [1982?]
Series:BRU technical guideline ; no. 2.
Subjects:

MARC

Tag First Indicator Second Indicator Subfields
LEADER 00000cam a2200000 a 4500
001 in00000970652
005 20150927114151.0
008 840814s1982 tz a b f00000 eng d
010 |z a  
035 |a (OCoLC)11052907 
035 |9 AEW8284AM 
040 |a BOS  |c BOS  |d m/c  |d UtOrBLW 
043 |a f-tz--- 
049 |a TXAM 
090 |a TH249.T34  |b L6 1982 
245 0 0 |a Loads for structural design. 
264 1 |a Dar es Salaam :  |b Building Research Unit, Ministry of Lands, Housing and Urban Development,  |c [1982?] 
300 |a 27 pages :  |b illustrations ;  |c 30 cm. 
336 |a text  |b txt  |2 rdacontent 
337 |a unmediated  |b n  |2 rdamedia 
338 |a volume  |b nc  |2 rdacarrier 
490 1 |a BRU technical guideline ;  |v no. 2 
504 |a Bibliography: page 26. 
650 0 |a Building laws  |z Tanzania. 
650 0 |a House construction  |z Tanzania. 
710 1 |a Tanzania.  |b Idara ya Utafiti wa Nyumba. 
830 0 |a BRU technical guideline ;  |v no. 2. 
999 |a MARS 
999 f f |s 40530f41-c1a2-36b9-963d-8cfebf2c3c70  |i d1c97bb9-dd92-3973-b030-8aa68c72ff3b  |t 0 
952 f f |p ric  |a Texas A&M University  |b Rellis Campus  |c Joint Library Facility  |d Remote Storage  |t 0  |e TH249.T34 L6 1982  |h Library of Congress classification  |i unmediated -- volume  |m A14814102382 
998 f f |a TH249.T34 L6 1982  |t 0  |l Remote Storage